000 00322nam a22001457a 4500
008 210322b ||||| |||| 00| 0 eng d
020 _a9780132690096
041 _aeng
080 _29th
_a330.722.6
082 _a330.722.6
100 _a61
101 _aKF
245 _aAccounting
_cHorngren, CH. T
942 _2udc
_cBK
999 _c56672
_d56672